Straßenbahnlinie 40 (Wien) - Statistiken

Allgemein
  • Dieses Quiz wurde 7 mal gespielt
  • Das Durchschnittsergebnis liegt bei 12 aus 15
Antwortstatistiken
Station % Korrekt
Gersthof
100%
Schottentor
100%
Schwarzspanierstraße
100%
Spitalgasse
100%
Währinger Straße, Volksoper
100%
Aumannplatz
83%
Herbeckstraße
83%
Herbeckstraße
83%
Kutschkergasse
83%
Martinstraße
83%
Sensengasse
83%
Weinhauser Gasse
83%
Alsegger Straße
50%
Eckpergasse
33%
Schöffelgasse
33%
Keine übereinstimmenden Quizze gefunden
Verteilung der Resultate
Anzahl Personen mit jedem Resultat
Perzentil nach korrekt beantworteten Fragen
Ihre Resultats-Entwicklung
Sie haben dieses Quiz noch nicht gespielt